000 00315 a2200121 4500
000 nam a22 7a 4500
005 20260313124338.0
100 _aRoussas, George G
_91131998
245 _aIntroduction to probability and statistical inference
250 _a3rd
260 _bAcademic Press
_c2025
942 _cAUD
999 _c1715346
_d1715346